Determinanty súčasnej európskej sociálnej politiky bakalárska práca

Salvato in:
Dettagli Bibliografici
Autore principale: Rešetková, Veronika
Ente Autore: Národohospodárska fakulta EU. Katedra hospodárskej politiky
Altri autori: Bracjun, Anatolij
Natura: Libro
Lingua:slovacco
Pubblicazione: Bratislava 2009
Tags: Aggiungi Tag
Nessun Tag, puoi essere il primo ad aggiungerne!!

MARC

LEADER 00000nam$a2200000$$$4500
001 0099080
005 20240319123748.1
041 0 |a slo 
044 |a SK 
245 1 0 |a Determinanty súčasnej európskej sociálnej politiky  |b bakalárska práca  |c Veronika Rešetková ; škol. Anatolij Bracjun 
264 1 |a Bratislava  |c 2009 
300 |a 47 s. 
100 1 |a Rešetková, Veronika 
700 1 |a Bracjun, Anatolij 
710 2 |a Národohospodárska fakulta EU. Katedra hospodárskej politiky